000 01445nam a2200349Ia 4500
001 ebr10661780
003 CaPaEBR
006 m u
007 cr cn|||||||||
008 091112s2010 nyua sb 001 0 eng d
010 _z2009044315
020 _z9781608767083 (hardcover : alk. paper)
020 _z1608767086 (hardcover : alk. paper)
040 _aCaPaEBR
_cCaPaEBR
035 _a(OCoLC)847647765
050 1 4 _aTP339
_b.C376 2010eb
050 1 4 _a9781617612916eb
082 0 4 _a662/.88
_222
100 1 _aCarolan, Michael S.
245 1 2 _aA sociological look at biofuels
_h[electronic resource] :
_bunderstanding the past/prospects for the future /
_cMichael S. Carolan.
260 _aNew York :
_bNova Science Publishers,
_cc2010.
300 _axii, 91 p. :
_bill.
490 1 _aEnergy science, engineering and technology series.
504 _aIncludes bibliographical references and index.
533 _aElectronic reproduction.
_bPalo Alto, Calif. :
_cebrary,
_d2013.
_nAvailable via World Wide Web.
_nAccess may be limited to ebrary affiliated libraries.
650 0 _aBiomass energy
_xSocial aspects.
650 0 _aBiomass energy
_xHistory.
655 7 _aElectronic books.
_2local
710 2 _aebrary, Inc.
830 0 _aEnergy science, engineering and technology series.
856 4 0 _uhttp://site.ebrary.com/lib/rucke/Doc?id=10661780
_zAn electronic book accessible through the World Wide Web; click to view
999 _c169854
_d169854